000 00991cam a22003137a 4500
003 CHAP
005 20220329141223.0
008 971010s1985 us a r 00010 eng d
010 _a64609
011 _a65581
020 _a0394731212
035 _a72606
040 _cCHAP
082 _a636.0842
_bB7
100 0 0 _aBrown, Lauren.
_915673
245 1 4 _aThe Audobon Society nature guides
_b: grasslands
260 _aNew York :
_bAlfred A. Kropf,
_c1985
300 _a606 p. :
_bilus.
590 _aBATCH-UPD
_b10
_c20130110
_lUCH01
_h1426
590 _aBATCH-UPD
_b10
_c20130410
_lUCH01
_h0905
590 _aBATCH-UPD
_b10
_c20130914
_lUCH01
_h0752
590 _aCONVERSION
_b10
_c20130109
_lUCH01
_h1335
650 1 4 _aPastizales
_zE.U.A.
_985966
650 1 4 _aPastos
_xIdentificación.
_986048
901 _aBK
942 _cLIBRO
949 _a636.0842 B7
_bBC
_cLIBRO
_d-5318
_eLIBRO
_h5121
_i72606
_si
949 _a636.0842 B7
_bBC
_cLIBRO
_d33724002248090
_eLIBRO
_fc.2
_gDonaciØn
_h114950
_i72606
_sb
999 _c64609
_d64609